Topics in Linguistics

Kvalitné originálne diela zamerané na rôzne teoretické a metodologické perspektívy pri skúmaní širokej škály aktuálnych otázok lingvistických štúdií. Podpora interdisciplinárnych, medzijazykových a interkultúrnych prístupov skúmania jazyka.

Salvato in:
Dettagli Bibliografici
Ente Autore: Filozofická fakulta Univerzity Konštantína Filozofa v Nitre. Katedra anglistiky a amerikanistiky
Natura: Periodico
Lingua:inglese
Pubblicazione: Varšava Sciendo
Soggetti:
Tags: Aggiungi Tag
Nessun Tag, puoi essere il primo ad aggiungerne!!

MARC

LEADER 00000nls a2200000 4500
001 0205614
005 20260204142331.0
022 |a 2199-6504 
022 |a 1337-7590 
041 0 |a eng 
044 |a SK 
245 1 0 |a Topics in Linguistics 
264 1 |a Varšava  |b Sciendo 
520 |a Kvalitné originálne diela zamerané na rôzne teoretické a metodologické perspektívy pri skúmaní širokej škály aktuálnych otázok lingvistických štúdií. Podpora interdisciplinárnych, medzijazykových a interkultúrnych prístupov skúmania jazyka. 
610 2 0 |a komunikácia multikultúrna 
610 2 0 |a jazyky cudzie 
610 2 0 |a jazykoveda 
610 2 0 |a slovotvorba 
710 2 |a Filozofická fakulta Univerzity Konštantína Filozofa v Nitre. Katedra anglistiky a amerikanistiky